000 00211 a2200097 4500
001 27736
100 _aGuthries, W K C
245 _aSocrates
260 _a
_bCambridge University Press
_c
090 _c18519
_d18519
942 _aNUST-CAE
_cM
_c9468
999 _c262809
_d262809